[Event "Tilburg"]
[Site "Tilburg"]
[Date "1991.??.??"]
[Round "13"]
[White "Short, Nigel D"]
[Black "Kasparov, Garry"]
[Result "1/2-1/2"]
[WhiteElo "2660"]
[BlackElo "2770"]
[Annotator "Anand,V"]
[PlyCount "50"]
[EventDate "1991.10.??"]
[EventType "tourn"]
[EventRounds "14"]
[EventCountry "NED"]
[EventCategory "17"]
[SourceTitle "CBM 026"]
[Source "ChessBase"]
[SourceDate "1992.02.01"]
[SourceVersion "1"]
[SourceVersionDate "1992.02.01"]
[SourceQuality "1"]

1. e4 c5 2. Nc3 e6 3. Nf3 a6 4. g3 b5 5. Bg2 Bb7 6. d3 {leaving black's bishop
without much to do} d6 7. O-O Nd7 8. a3 Rc8 9. Bd2 Ngf6 (9... Be7 $1) 10. Nh4
Be7 $2 {A fingerfehler. Garry said he wanted to play 10...Qc7} 11. e5 Nd5 12.
exd6 (12. Nf5 $1 Nxc3 (12... exf5 13. exd6 $16) (12... Nxe5 13. Nxg7+ Kd7 14.
Nxd5 Bxd5 15. Bxd5 exd5 16. Nf5 $16) 13. Nxg7+ Kf8 14. bxc3 Bxg2 15. Bh6 Kg8
16. Kxg2 $40) 12... Bxh4 13. Nxd5 (13. gxh4 Nxc3 14. Bxc3 Bxg2 15. Kxg2 Qxh4
$13) 13... Bxd5 14. Bxd5 Bf6 $1 {Now Black is out of danger} 15. Qe1 Qb6 16.
Rb1 O-O 17. Bg2 Qxd6 18. Qe2 Rfd8 19. Rfe1 Nb6 20. Bf4 Qe7 21. h4 a5 22. c3 h6
23. Rbc1 b4 24. axb4 axb4 25. Be4 bxc3 {Neither player felt up to further play
so... draw} 1/2-1/2

[Event "EU-ch 4th"]
[Site "Istanbul"]
[Date "2003.06.05"]
[Round "6"]
[White "Aronian, Levon"]
[Black "Svetushkin, Dmitry"]
[Result "1-0"]
[WhiteElo "2606"]
[BlackElo "2543"]
[Annotator "Aronian,L"]
[PlyCount "75"]
[EventDate "2003.05.30"]
[EventType "swiss"]
[EventRounds "13"]
[EventCountry "TUR"]
[SourceTitle "EXT 2010"]
[Source "ChessBase"]
[SourceDate "2010.11.25"]
[SourceVersion "1"]
[SourceVersionDate "2010.11.25"]
[SourceQuality "1"]

1. e4 c5 {This move was a big surprise. Usually Dmitry plays 1...c6.} 2. Nf3 e6
3. c4 Nc6 4. Nc3 Nge7 {Although this was the first time I had seen the text
move, the next few moves did not cost me much time, because they are
practically forced.} ({After the game, one of my friends drew my attention to
the move} 4... g5 {It would be interesting to test in practice the fascinating
position reached after} 5. d4 g4 6. d5 gxf3 ({or the intermediary} 6... exd5 7.
cxd5) 7. dxc6 fxg2 8. Bxg2) 5. d4 Nxd4 6. Nxd4 cxd4 7. Qxd4 Nc6 8. Qe3 b6 9.
Bd3 Bc5 10. Qg3 Qf6 11. Bf4 {I don't know if this is new or not, but I could
not find it in my database, although it looks very logical.} Qg6 {Played by
analogy with the variation 11.0-0.} ({I am not sure if Black has something
better, but it should be pointed out that} 11... Bd4 {is dangerous on account
of} 12. Nb5) ({, whilst} 11... Nb4 {has no sense because after} 12. Bb1 e5 13.
Bd2 {it is not clear what Black has achieved.}) 12. Nb5 Qxg3 {My opponent
naturally wishes to fight for the centre squares.} ({After} 12... O-O {White
has a wide choice of continuations.} {But maybe} 13. e5 ({I think the simple} 
13. Qxg6 hxg6 ({on} 13... fxg6 {there is the simple} 14. Bg3 {with a small
plus for White.}) 14. Bd6 Rd8 15. f4 {gives White a small advantage.}) 13...
Qxg3 14. hxg3 {(and e4 next move) is even stronger.}) 13. hxg3 Ke7 {The point
of the previous move. Now in the event of quiet play by White, Black occupies
the dark squares by d6, e5 and a5 and obtains a strong and comfortable
position. I avoided simple moves because I did not want to allow a dark-square
blockade, and so I had three moves to consider: 14.e5 , 14.a3 and the slightly
artificial 14.Rh5.} 14. a3 $2 (14. e5 {I avoided because of the "clear
refutation"} a6 15. Nd6 ({after} 15. Nc3 Bd4 16. Be4 Rb8 17. Bg5+ f6 18. exf6+
gxf6 {Black has reasonable play}) {Probably Black would have to go for the
position after} 15... f6 (15... Nxe5 16. Nxc8+ ({I somehow missed that after} 
16. Bxe5 Bxd6 {the pawn g7 is hanging}) 16... Kf6) 16. Be4 ({deserving of
attention is} 16. exf6+ gxf6 17. Ne4 Bb4+ 18. Kf1 f5 19. Ng5 {with advantage})
16... fxe5 17. Bxc6 dxc6 18. Nxc8+ Kf6 19. Nxb6 Bxb6 20. Bd2 Bd4 21. Rb1 {
with advantage, on account of White's superior pawn structure.  After
calculating the line, and also noticing that 14.Rh5 can be met simply by 14...
d6, I noticed 15. b4 (after 14.a3) and chose a third line.}) (14. Rh5 d6 ({
the position after} 14... a6 15. Rxc5 bxc5 16. Bd6+ Kd8 17. Nc3 {I liked}))
14... a6 {On 14... a5I would certainly have played 15. e5} 15. b4 {I don't
think many players would like 15.Nc3 Bd4.} axb5 ({After} 15... e5 {White can
simply transpose into the game by} 16. bxc5 ({or enter complications by} 16.
Nc7 Bd4 17. Bg5+ f6 18. Nxa8 fxg5 (18... Bxa1 19. Be3 {with an advantage}) 19.
Rb1 {(with the idea of c5 or b5 at some point), in which White should also be
better.}) 16... axb5 17. cxb5 {which is OK.}) 16. bxc5 {From this position,
there is a foorest of variations in which Black has excellent chances of
equalizing...} e5 {After long thought, Black chooses the most principled
continuation. As my opponent admitted after the game, he did not notice my
next idea. Just like me at first. Instead of 16... e5 Black had two other
continuations 16...bxc5 and 16...bxc4.} ({Now after} 16... bxc5 {everything is
more or less clear: White plays} 17. cxb5 Nd4 18. a4 {and having prevented the
formation of the pawn chain c5-d6-e5 (18...d6 19.e5 d5 20.Be3 Nb3 21.Ra3 c4 22.
Bc2) White obtains an excellent position.}) ({But} 16... bxc4 {on the other
hand is very strong, since after} 17. Bd6+ {Black replies with the rather
computer-like move} Ke8 ({I only considered} 17... Kf6 18. Bxc4 Ba6 19. Bxa6
Rxa6 20. cxb6 Rxb6 21. O-O {and White is a little better because of the d7
pawn, whilst 17... Kd8 is also possible}) 18. Bxc4 Na5 {and after Nb7 Black
seems to have no problems.}) 17. cxb5 ({17.Be3 or} 17. Bg5+ f6 18. Be3 {
give Black excellent prospects after} bxc4 19. Bxc4 bxc5 20. Bxc5+ d6 {
followed by Be6.  .}) 17... Nb4 18. Bc4 Nc2+ ({Here it was possible to play} 
18... exf4 19. Kd2 Na6 (19... fxg3 20. axb4 Rxa1 21. Rxa1 gxf2 22. Ra7 {
with a virtually winning position} (22. Ke3 $5)) (19... d5 20. cxd6+ Kxd6 21.
gxf4 Bb7 22. f3 Rhc8 23. Bb3) 20. bxa6 fxg3 21. cxb6 Bxa6 22. Bd5 {both 22...
Rab8 and 22...gxf2 lead to a drawn endgame.}) 19. Kd2 Nxa1 20. Bxe5 bxc5 $6 ({
After} 20... Ra4 $1 21. Bd5 Bb7 22. Bd6+ Kd8 23. Rxa1 Bxd5 24. exd5 Rd4+ (24...
bxc5 25. Kc3 Rd4 26. Bxc5 Rxd5 27. Kc4 Rd2 28. a4 {with advantage}) 25. Kc3
Rxd5 26. Kc4 Rd2 27. Re1 {White still has the better chances, but the position
remains double-edged.}) ({On} 20... Rxa3 {White has the simple 21.Ba1,} {
Things work out differently after} 21. Bxa1 ({and also the sharp} 21. Bd6+ Kf6
(21... Ke8 22. cxb6 Ra4 23. Kc3 {with the idea of 23...Bb7 24.Bd5}) (21... Kd8
22. cxb6 Ra4 23. Bc7+ Ke7 24. Bd5 {and again White dominates}) 22. e5+ (22.
cxb6 Nb3+ 23. Kc3 Nc5+ 24. Kd4 Nb3+ {draw}) 22... Kg6 (22... Kf5 $6 23. cxb6 {
gives White extra attacking chances}) 23. cxb6 Ra4 (23... Ra5 24. Bd3+ f5 25.
g4) 24. Rh4 (24. Bd3+ $6 f5 25. g4 Nb3+ 26. Kc3 Na5) 24... Rxc4 25. Rxc4 Nb3+
26. Kd3 Na5 (26... h5 $2 27. Ra4) 27. Rg4+ Kf5 (27... Kh6 28. Bb4) 28. Rxg7 Ke6
29. Bb4 Nb7 {and by advancing d6 Black draws.}) 21... bxc5 ({Taking on c5 is
forced, since} 21... f6 {fails to} 22. e5 f5 23. e6 {after which the black
king comes under a strong attack, e.g.} d5 (23... dxe6 24. c6 $1) 24. cxd6+
Kxd6 25. Bxg7 Re8 26. e7 Kxe7 27. Rh6 {and White is better} {(} Ra4 28. Bd5 {)}
) 22. Bxg7 Rg8 23. Rxh7 Ra4 {and a later d6 and Be6 Black has reasonable
chances of a draw. Of course, one must admit that all these variations are not
so easy to see during the game, especially at a relatively fast time limit.})
21. Rxa1 ({It is natural that White wishes to kep his a-pawn, specially as
after} 21. Bxg7 Rg8 22. Rxh7 {I did not like} d6 23. Bxa1 Be6) 21... f6 ({On} 
21... Bb7 {there follows the simple} 22. f3 {and the powerful pawns should
decide the game.}) 22. Bc3 $2 {I cannot explain why I did not play the strong
and natural move Bc7, after which White stands better. Having regained the
material, I started playing quietly, thinking I was winning easily.} Ra4 {
An excellent move that I had underestimated, although in fact not played with
the right idea.} 23. Bb3 {Necessary, since Black threatened to devlop by Bb7
and Rha8.} Rxe4 24. f3 Re6 $2 ({Of course, it was bad to play} 24... c4 {
because of} 25. Ba2 Re6 26. Bxc4 d5 27. Bd3 {and the further march of the
pawns.}) ({, but after} 24... Re5 {it is quite unclear how White can achieve
anything of substance. During the game, It seemed to me that} 25. Bxe5 fxe5 26.
Re1 (26. a4 d5 $1) 26... d6 27. f4 {was convincing, but there is the by no
means bad move} Be6 {and now White does not manage to destroy Black's pawns} {(
} 28. Bxe6 Kxe6 29. fxe5 d5 {) Maybe White has some way to get a decent
advantage after 24...Re5, but I do not see it. Now everything is simple,
however.}) 25. Bxe6 dxe6 {Surprising.} ({Black deprives himself of a passed
pawn because of his faith in the opposite coloured bishops!} 25... Kxe6 26.
Re1+ Kf7 27. a4 {was also far from nice.}) 26. Kd3 e5 27. a4 Kd6 ({It is easy
to see that} 27... Rd8+ 28. Kc4 Be6+ {loses, since after} 29. Kxc5 Rc8+ 30. Kb4
Rc4+ 31. Kb3 Rg4+ 32. Ka3 Rxg3 33. a5 {the white pawns promote, and after
everything else, (27...Be6, 27...Bf5 + 28.Kc4 Rc8) White has the universal
move Ba5.}) 28. Ba5 Bd7 29. Kc4 Be6+ 30. Kc3 {A dredful blunder. Now after 30..
.Bd5 Black could still fight on.} Rb8 $2 31. Rd1+ Ke7 (31... Bd5 32. Bc7+ Kxc7
33. Rxd5 Kb6 34. Rd6+ $18) 32. Bc7 Ra8 33. a5 Ra7 34. b6 {Aesthetes might
prefer 34.Bb6.} Rxa5 35. b7 Ra3+ 36. Kd2 Ra2+ 37. Ke1 Bc4 38. Rb1 {A game
filled with mistakes, but even so, I like the little combination.} 1-0

[Event "FRA-chT Top 16 GpB"]
[Site "Port Barcares"]
[Date "2005.05.04"]
[Round "8"]
[White "Netzer, Jean"]
[Black "Sulava, Nenad"]
[Result "0-1"]
[WhiteElo "2384"]
[BlackElo "2478"]
[Annotator "Atlas,V"]
[PlyCount "92"]
[EventDate "2005.05.04"]
[EventType "team"]
[EventRounds "11"]
[EventCountry "FRA"]
[SourceTitle "CBM 107"]
[Source "ChessBase"]
[SourceDate "2005.08.01"]
[SourceVersion "1"]
[SourceVersionDate "2005.08.01"]
[SourceQuality "1"]

1. e4 c5 2. Nf3 e6 3. c4 a6 4. Nc3 Nc6 5. Be2 Nf6 6. O-O Qb6 7. a3 Be7 8. Rb1
d6 9. b4 Qc7 10. d4 cxd4 11. Nxd4 O-O 12. Be3 Ne5 13. Rc1 Bd7 14. f4 Ng6 15.
Nb3 Rfd8 16. Qe1 b6 17. Qf2 Rab8 18. Rfd1 Be8 19. g4 Bc6 20. Bf3 Qb7 21. Nd4
Nxe4 22. Qc2 Nxc3 23. Bxc6 Qc8 24. Qxc3 e5 25. Bf3 exd4 26. Bxd4 Nh4 27. Kf2
Bf8 28. h3 $6 ({Better was} 28. Be2 Re8 29. Qg3 Ng6 30. Bd3 {, retaining an
advantage.}) 28... Nxf3 29. Qxf3 Re8 30. Qd5 Qd7 31. Rd3 b5 32. f5 Rbc8 33.
Rdc3 Qe7 34. Qf3 Rxc4 35. Rxc4 bxc4 36. Rxc4 h5 37. Rc1 Qh4+ 38. Kg2 Qg5 39.
Rc3 d5 40. Be3 Qf6 41. Rd3 hxg4 42. hxg4 Qc6 43. f6 Re4 44. fxg7 Bxg7 45. Kh3
Be5 46. Qf5 $4 ({This pseudo-active move is elegantly refuted by Black. After} 
46. Bd2 {Black retained good winning chances, but his task would be, of course,
not so easy.}) {[%tqu "En","White's last pseudo-active move was a big mistake.
How would you prove it?","Watch out for geometrical motifs and exploit a shaky
position of White's bishop.","Use your rook for the decisive blow!","e4e3",
"This neat move decides the game immediately.",3]} 46... Rxe3+ $1 {[%csl Gc6,
Rd3,Ge3,Rh3][%cal Gc6h6,Gh6e3,Gh6h3]} (46... Rxe3+ {This nice move wins on the
spot. White resigned in view of:} 47. Rxe3 Qh6+ {, winning a piece.}) 0-1

[Event "Bundesliga 0203"]
[Site "Germany"]
[Date "2003.03.09"]
[Round "13.4"]
[White "McShane, Luke J"]
[Black "Lau, Ralf"]
[Result "1-0"]
[WhiteElo "2546"]
[BlackElo "2491"]
[Annotator "Atlas,V"]
[PlyCount "67"]
[EventDate "2002.10.19"]
[EventType "team-tourn"]
[EventRounds "15"]
[EventCountry "GER"]
[SourceTitle "CBM 094"]
[Source "ChessBase"]
[SourceDate "2003.05.26"]
[SourceVersion "1"]
[SourceVersionDate "2003.05.26"]
[SourceQuality "1"]
[WhiteTeam "Werder Bremen"]
[BlackTeam "Kreuzberg"]
[WhiteTeamCountry "GER"]
[BlackTeamCountry "GER"]

1. e4 c5 2. Nf3 e6 3. c3 d5 4. e5 d4 5. Bd3 Nc6 6. O-O Nge7 7. Re1 Ng6 8. g3 a6
9. h4 dxc3 10. dxc3 c4 11. Bc2 Qxd1 12. Bxd1 f6 13. exf6 gxf6 14. Nbd2 Nge5 15.
Nxe5 Nxe5 16. Bh5+ Kd8 17. Ne4 Be7 18. Bh6 Rg8 19. Rad1+ Bd7 20. Re2 Kc8 21. b3
cxb3 22. axb3 Ng6 23. Be3 Bc6 24. Nd6+ Kc7 (24... Bxd6 25. Rxd6 Nxh4 26. Bb6 {
, with a large advantage.}) 25. Nc4 $1 {[%csl Re6][%cal Ge2e6,Ge3b6]
Threatening 26.Bb6+.} b5 26. Na5 Be8 27. Bxg6 Bxg6 {[%tqu "En","Black's
position is a bit loose. How can White use this?","Exploit a shaky position of
Black's e7-bishop and e6-pawn.","Sacrifice your dark-squared bishop to bring
the e2-rook into action.","e3b6","Excellent! This terrific blow decides the
game for White.",5]} 28. Bb6+ $3 {[%csl Rc7,Re6,Re7][%cal Ge2e6] A powerful
strike winning the game.} Kxb6 ({Or} 28... Kc8 29. Rxe6 Rg7 30. Rxe7 {, with
inevitable mate.}) 29. Rxe6+ Bd6 ({A nice mate final occurs after} 29... Kxa5
30. Ra1+ Ba3 31. Rxa3#) ({If} 29... Kc5 {, then} 30. b4#) 30. Rexd6+ Kc7 31.
Rd7+ Kc8 32. Nc6 {Brining the knight into attack, White easily converts his
overwhelming advantage.} Re8 33. Ne7+ Kb8 34. R1d6 1-0

[Event "Bundesliga 0304"]
[Site "Germany"]
[Date "2004.04.25"]
[Round "15.6"]
[White "Espig, Thomas"]
[Black "Dinstuhl, Volkmar"]
[Result "0-1"]
[WhiteElo "2300"]
[BlackElo "2439"]
[Annotator "Atlas,V"]
[PlyCount "48"]
[EventDate "2003.11.01"]
[EventType "team-tourn"]
[EventRounds "15"]
[EventCountry "GER"]
[SourceTitle "CBM 101"]
[Source "ChessBase"]
[SourceDate "2004.07.27"]
[SourceVersion "1"]
[SourceVersionDate "2004.07.27"]
[SourceQuality "1"]
[WhiteTeam "Plauen"]
[BlackTeam "Wattenscheid"]
[WhiteTeamCountry "GER"]
[BlackTeamCountry "GER"]

1. e4 c5 2. Nf3 e6 3. d3 d6 4. g3 Be7 5. Bg2 b5 6. O-O Bb7 7. Re1 Nf6 8. Nbd2
O-O 9. b3 Nc6 10. Bb2 Rc8 11. a4 b4 12. e5 dxe5 13. Nxe5 Nd5 14. Ndc4 Nxe5 15.
Nxe5 Bf6 16. Qh5 g6 17. Qg4 Bg7 18. Qd1 Qc7 19. Qd2 Rcd8 20. Re2 f6 21. Nc4 e5
22. Rf1 Qd7 23. Qe1 Rfe8 24. Qc1 $4 ({A terrible blunder. After the prudent
Ein schrecklicher Bock. Nach dem umsichtigen} 24. Ne3 {White would retain good
counterchances. würde Weiß gute Konterchancen behalten.}) {[%tqu "En","Whtie
has been very careless. How can Black highlight this?","Exploit the weakness
of the main diagonal and the shaky position of the e2-rook.","Sacrifice your
knight!","d5f4","This excellent knight move wins immediately.",6,"De","Weiß
hat sehr sorglos agiert. Wie kann Schwarz dies unterstreichen?","Schlagen Sie
Kaptital aus derSchwäche der Hauptdiagonalen und der ungedeckten Stellung des
Turms e2.","Opfern Sie Ihren Springer!","d5f4","Dieser ausgezeichnete
Springerzug gewinnt sofort.",6]} 24... Nf4 $1 {[%csl Gb7,Gd7,Re2,Gf4,Rg2][%cal
Gb7g2,Gd7g4]} ({The impressive knight thrust severely punishes White's
careless play. White resigned in view of material losses: Dieser überraschende
Springerausfall bestraft die Sorglosigkeit des Anziehenden. Weiß gab auf, denn
er verliert Material:} 24... Nf4 25. gxf4 (25. Bxb7 Nxe2+) 25... Bxg2 26. Kxg2
Qg4+ 27. Kh1 Qxe2 {, winning. und gewinnt.}) 0-1

[Event "Olympiad-23"]
[Site "Buenos Aires"]
[Date "1978.10.28"]
[Round "4"]
[White "Spassky, Boris Vasilievich"]
[Black "Hernandez Onna, Roman"]
[Result "1-0"]
[WhiteElo "2630"]
[BlackElo "2465"]
[Annotator "Averbakh,Y"]
[PlyCount "75"]
[EventDate "1978.10.25"]
[EventType "team-swiss"]
[EventRounds "14"]
[EventCountry "ARG"]
[SourceTitle "EXT 2000"]
[Source "ChessBase"]
[SourceDate "1999.11.16"]
[SourceVersion "1"]
[SourceVersionDate "1999.11.16"]
[SourceQuality "1"]
[WhiteTeam "Soviet Union"]
[BlackTeam "Cuba"]
[WhiteTeamCountry "URS"]
[BlackTeamCountry "CUB"]

{Inf.26/319} 1. e4 c5 2. b3 Nc6 3. Bb2 e6 4. Nf3 Nf6 5. e5 Nd5 6. Bb5 Be7 7.
O-O O-O 8. Bxc6 bxc6 $1 (8... dxc6 9. d3 $14) 9. d3 f6 (9... f5 $5) 10. Nc3
fxe5 11. Nxe5 Qe8 $11 12. Ne4 d6 13. Nc4 Qd8 14. a3 e5 15. Qe1 {[/\ b4]} Nf4 (
15... a5 $1 {/\ a4}) 16. Ng3 h5 17. Ne2 Nd5 (17... h4 $5) 18. b4 $1 $14 cxb4
19. axb4 Qe8 20. f3 Qg6 21. Kh1 h4 22. h3 Bd7 23. Bc1 Nb6 $2 (23... Bg5 $142 $1
24. Bxg5 Qxg5 25. Nxd6 Ne3) 24. Nd2 d5 25. Nb3 Qh5 26. Nc5 Bxc5 27. bxc5 Nc8
28. Ra4 $1 $18 d4 (28... g5 29. Qd2 Rf5 30. Rg4) 29. c3 Bxh3 30. gxh3 Rxf3 31.
Ng1 Rxf1 32. Qxf1 Ne7 33. Qe2 Qg6 34. cxd4 Nf5 35. Qa2+ Kh8 36. Qf2 Ng3+ 37.
Kh2 Qxd3 38. dxe5 1-0